000 00465nam a2200169Ia 4500
005 20250508155943.0
008 008 250505s9999 xx 000 0 eng d
037 _aBooks to be hide in OPAC
040 _aFEDL
_beng
_cFEDL
041 _aeng
_2eng
084 _a371.209545, NCE/O
_qFEDL
245 0 _aAdministration of education in Punjab
245 0 _cNCERT
300 _a34p.
942 _cHB
_h371.209545, NCE/O
999 _c1360386
_d1360386